000 01365cam a2200277 4500
001 ##L130147
002 ##8827
008 050628n2005 000 0 eng u
020 _a0418826501
035 _a(Sirsi) u130147
041 0 _aeng
050 0 4 _a692.8 $2 18
110 2 _aJoint Contracts Tribunal
_93664
240 0 0 _aFA/N 05
245 0 0 _aFA/N
_bFramework Agreement Non-Binding 2005
260 _aLondon
_bThompson Sweet and Maxwell
_c2005
300 _aii, 12p.
_c30cm.
350 _a18.95
490 _aJCT Framework Agreement Non-Binding (2005 Edition)
520 _aAgreement for the procurement of construction or engineering related works over a period of time where the parties wish to create a collaborative working environment. Suitable for clients with contractors and/or suppliers or for those subletting to others in the supply chain this document can be used with most standard forms of construction and engineering contract or subcontract. Parties who wish to be legally bound should consider the JCT Framework Agreement (2005 Edition).
650 2 4 _aJCT FRAMEWORK AGREEMENT NON-BINDING (2005 EDITION)
650 2 4 _aJCT FRAMEWORK AGREEMENT (2005 EDITION)
651 4 _aUnited Kingdom
_y
690 _aBUILT ENVIRONMENT-BUILDING CONTRACT FORMS-STANDARD FORMS OF BUILDING CONTRACT-JOINT CONTRACTS TRIBUNAL CONTRACTS
942 _n0
999 _c104367
_d104367